| 000 | 00395nam a22001697a 4500 | ||
|---|---|---|---|
| 003 | OSt | ||
| 005 | 20220209094228.0 | ||
| 008 | 220209b |||||||| |||| 00| 0 eng d | ||
| 020 | _a9788126133123 | ||
| 040 | _cHU | ||
| 082 | _a373.03/ANA | ||
| 100 |
_aSANDEEP ANAND _920982 |
||
| 245 | _aSECONDARY SCHOOL EDUCATION | ||
| 260 |
_aINDIA _bANMOL _c2007 |
||
| 300 | _a278P | ||
| 942 |
_2ddc _cBOOKS _n0 |
||
| 999 |
_c29609 _d29609 |
||